[Event "Al Ain op 3rd"]
[Site "Al Ain"]
[Date "2014.12.19"]
[Round "1"]
[White "Singh, Gurmeher"]
[Black "Thakur, Akash"]
[Result "0-1"]
[WhiteElo "1243"]
[BlackElo "2302"]
[PlyCount "112"]
[EventDate "2014.12.19"]
[EventType "swiss"]
[EventRounds "9"]
[EventCountry "UAE"]
[SourceTitle "CBM 164 Extra"]
[Source "ChessBase"]
[SourceDate "2015.03.02"]
[SourceVersion "1"]
[SourceVersionDate "2015.03.02"]
[SourceQuality "1"]

1. e4 e5 2. Nf3 Nc6 3. Bc4 Bc5 4. 0-0 Nf6 5. Nc3 d6 6. h3 h6 7. d3 g5 8. Nh2 g4 9. hxg4 Rg8 10. g5 hxg5 11. Be3 Nd4 12. Na4 Qe7 13. Nxc5 dxc5 14. Qd2 Ng4 15. Nxg4 Bxg4 16. f3 Be6 17. Bxd4 cxd4 18. c3 0-0-0 19. cxd4 Bxc4 20. dxc4 Rxd4 21. Qa5 Kb8 22. b3 Rgd8 23. Rac1 c5 24. Qe1 f6 25. Rf2 Rd3 26. Rfc2 Qd7 27. Rc3 Rd4 28. a3 g4 29. b4 gxf3 30. Rxf3 Qg4 31. Qf2 Rd2 32. Qf1 Qxe4 33. Re1 Qd4+ 34. Rfe3 Rg8 35. R1e2 Rd1 36. Re1 Rd2 37. R1e2 Rxe2 38. Qxe2 Rg3 39. Kf2 Rxe3 40. Qxe3 Kc7 41. Qxd4 exd4 42. bxc5 Kc6 43. Ke2 Kxc5 44. Kd3 f5 45. g3 b6 46. a4 a6 47. Ke2 Kxc4 48. a5 bxa5 49. Kd2 d3 50. Kd1 Kc3 51. Kc1 d2+ 52. Kd1 Kd3 53. g4 f4 54. g5 f3 55. g6 f2 56. g7 f1Q# 0-1